Vzpomínka na Zemi /
Závěrečný díl sci-fi trilogie, v němž se do popředí děje dostává již téměř zapomenutý projekt, který může narušit křehkou rovnováhu mezi dvěma civilizacemi.
Uloženo v:
| Série: | Vzpomínka na Zemi,
část 3 |
|---|---|
| Hlavní autor: | |
| Další autoři: | |
| Médium: | E-kniha |
| Jazyk: | Czech |
| Vydáno: |
Brno :
Host,
2018
|
| Vydání: | První vydání |
| Témata: | |
| On-line přístup: | RECENZE (časopis Párek) |
| Příbuzné jednotky: | Název anglického překladu::
Death's end Název I. knihy:: Problém tří těles Název II. knihy:: Temný les Z cyklu:: Vzpomínka na Zemi |
| Tagy: |
Žádné tagy |
| LEADER | 02780nam a2200493 i 4500 | ||
|---|---|---|---|
| 001 | 301467 | ||
| 003 | CZ PrSKC | ||
| 005 | 20260430063208.0 | ||
| 007 | ta | ||
| 008 | 180816s2018 xr g 000 f cze | ||
| 015 | |a cnb003020861 | ||
| 020 | |a 9788075775597 |q (vázáno) | ||
| 035 | |a (OCoLC)1056249261 | ||
| 040 | |a OLA001 |b cze |e rda | ||
| 041 | 1 | |a cze |k eng |h chi | |
| 072 | 7 | |a 821.58 |x Sino-tibetské literatury |2 Konspekt | |
| 080 | |a 821.581-31 |2 MRF | ||
| 080 | |a (0:82-311.9) |2 MRF | ||
| 100 | 1 | |a Liu, Cixin, |d 1963- |7 xx0212744 |4 aut | |
| 240 | 1 | 0 | |a Si shen yong sheng. |l Česky |
| 245 | 1 | 0 | |a Vzpomínka na Zemi / |c Liou Cch'-sin ; z anglického vydání Death's end ... přeložil (s přihlédnutím k čínskému originálu) Aleš Drobek |
| 250 | |a První vydání | ||
| 264 | 1 | |a Brno : |b Host, |c 2018 | |
| 300 | |a 746 stran ; |c 21 cm | ||
| 336 | |a text |b txt |2 rdacontent | ||
| 337 | |a bez média |b n |2 rdamedia | ||
| 338 | |a svazek |b nc |2 rdacarrier | ||
| 500 | |a III. kniha trilogie Vzpomínka na Zemi | ||
| 520 | 2 | |a Závěrečný díl sci-fi trilogie, v němž se do popředí děje dostává již téměř zapomenutý projekt, který může narušit křehkou rovnováhu mezi dvěma civilizacemi. |b Lidstvo a Trisolarané žijí díky principu Temného lesa ve stavu studené války, který navzdory napětí a neustálému pocitu ohrožení přináší oběma civilizacím nebývalý rozkvět plynoucí ze vzájemné výměny technologií i kultury. Svítá jistá naděje, že by snad mohly koexistovat v míru. Do tohoto nového světa se z hibernace probouzí Čcheng Sin, letecká inženýrka z jedenadvacátého století, žena, jíž kdysi dávno umírající muž daroval hvězdu. | |
| 655 | 7 | |a čínské romány |7 fd133983 |2 czenas | |
| 655 | 7 | |a vědecko-fantastické romány |7 fd133847 |2 czenas | |
| 655 | 9 | |a Chinese fiction |2 eczenas | |
| 655 | 9 | |a science fiction novels |2 eczenas | |
| 700 | 1 | |a Drobek, Aleš, |d 1977- |7 xx0031474 |4 trl | |
| 765 | 0 | 8 | |i Název anglického překladu: |t Death's end |
| 787 | 0 | 8 | |i Název I. knihy: |t Problém tří těles |
| 787 | 0 | 8 | |i Název II. knihy: |t Temný les |
| 787 | 0 | 8 | |i Z cyklu: |t Vzpomínka na Zemi |g 3 |
| 856 | 4 | 2 | |u https://issuu.com/knihovnaostrava/docs/parek_listopad_2018_web |y RECENZE (časopis Párek) |4 N |
| 900 | |a ABA001 |b 20 | ||
| 044 | |a xr | ||
| 910 | |a RBIT002 | ||
| 998 | |d 178939 |a https://core.palmknihy.cz/api/books/178939/cover?pcon8b |b https://core.palmknihy.cz/api/books/178939/cover/400?pcon8b |c https://core.palmknihy.cz/api/books/178939/cover/50?pcon8b |e 2030-01-13 |g 751 |i 9788075775597 |j https://core.palmknihy.cz/api/books/178939/preview.epub |k https://core.palmknihy.cz/api/books/178939/preview.pdf |l |q 49 |r 1 |s https://www.palmknihy.cz/kniha/178939 |t ebook |y 2018 |z 0 |v Vzpomínka na Zemi |w 3 | ||
| 999 | |d 301465 | ||